Amanecer en el desierto / (Record no. 141265)

MARC details
000 -CABECERA
campo de control de longitud fija 00786cam a22002654a 4500
003 - IDENTIFICADOR DEL NÚMERO DE CONTROL
campo de control UPN
005 - FECHA Y HORA DE LA ÚLTIMA TRANSACCIÓN
campo de control 20241112063716.0
008 - ELEMENTOS DE LONGITUD FIJA--INFORMACIÓN GENERAL
campo de control de longitud fija 090211s2002 mx a r 000 0aspa d
020 ## - NÚMERO INTERNACIONAL NORMALIZADO PARA LIBROS
Número Internacional Estándar del Libro 9706517294
035 ## - NÚMERO DE CONTROL DEL SISTEMA
Número de control de sistema UPN01000169159
040 ## - FUENTE DE LA CATALOGACIÓN
Centro catalogador/agencia de origen UPN
Lengua de catalogación spa
Centro/agencia transcriptor UPN
049 ## - COLECCIÓN
Colección CG
050 #4 - SIGNATURA TOPOGRÁFICA DE LA BIBLIOTECA DEL CONGRESO
Número de clasificación HQ1236.5 S5.8
Número de documento/Ítem D5.2
100 1# - ASIENTO PRINCIPAL--NOMBRE PERSONAL
Nombre de persona Dirie, Waris,
Fechas asociadas al nombre 1965-
9 (RLIN) 43478
245 10 - MENCIÓN DE TÍTULO
Título Amanecer en el desierto /
Mención de responsabilidad, etc. Waris Dirie y Jeanne D'Haem.
260 ## - PUBLICACIÓN, DISTRIBUCIÓN, ETC.
Lugar de publicación, distribución, etc. México :
Nombre del editor, distribuidor, etc. Océano :
-- Maeva,
Fecha de publicación, distribución, etc. c2002.
300 ## - DESCRIPCIÓN FÍSICA
Extensión 243 p. :
Otras características físicas il.
534 ## - NOTA SOBRE LA VERSIÓN ORIGINAL
Frase introductoria Titulo original:
Mención de título del original Desert dawn
600 14 - ASIENTO SECUNDARIO DE MATERIA - NOMBRE PERSONAL
Nombre de persona Dirie, Waris,
Fechas asociadas al nombre 1965-
9 (RLIN) 43478
650 #4 - ASIENTO SECUNDARIO DE MATERIA - TERMINO TEMATICO
Término de materia o nombre geográfico como elemento de entrada DERECHOS DE LAS MUJERES -
Subdivisión geográfica SOMALIA
9 (RLIN) 43480
650 #4 - ASIENTO SECUNDARIO DE MATERIA - TERMINO TEMATICO
Término de materia o nombre geográfico como elemento de entrada Autobiografía
9 (RLIN) 47175
700 1# - ASIENTO SECUNDARIO--NOMBRE DE PERSONAL
Nombre de persona D'Haem, Jeanne,
Fechas asociadas al nombre 1946-
Término indicativo de función/relación coaut.
9 (RLIN) 43479
905 ## - TIPO DE MATERIAL
Tipo de material Libro
942 ## - ELEMENTOS DE PUNTO DE ACCESO ADICIONAL (KOHA)
Fuente del sistema de clasificación o colocación Library of Congress Classification
Tipo de ítem Koha Libro
Holdings
Estado de retiro Estado de pérdida Fuente del sistema de clasificación o colocación Estado dañado No para préstamo Código de colección Localización permanente Ubicación/localización actual Ubicación en estantería Total de préstamos Clasificación Código de barras Fecha visto por última vez Tipo de ítem Koha
    Library of Congress Classification     Colección General Bib. Gregorio Torres Quintero Bib. Gregorio Torres Quintero Planta baja   HQ1236.5 S5.8 D5.2 AP336 31/12/2020 Libro